00450nam a22001217a 4500999001900000020001900019100001900038245002700057260008400084300004900168942000700217952010400224 c263188d263187 a 9780399169373 a Kirk, Daniel, a Ten thank-you letters a New York, b:Nancy Paulsen Books, an imprint of Penguin Group (USA), c [2014] a 1 volume (unpaged) :b color illustrations  cBK 001040708FICa40404b40404cCHILDd2024-03-05l0pCL2842021r2024-03-05 00:00:00w2024-03-05yBK